Unique quintessence of a compendium of essays : (Record no. 128656)

MARC details
000 -LEADER
fixed length control field 00709nam a22002177a 4500
005 - DATE AND TIME OF LATEST TRANSACTION
control field 20170124110043.0
010 ## - LIBRARY OF CONGRESS CONTROL NUMBER
LC control number B-026686
020 ## - INTERNATIONAL STANDARD BOOK NUMBER
Terms of availability 140.00
035 ## - SYSTEM CONTROL NUMBER
System control number B-026686
037 ## - SOURCE OF ACQUISITION
Source of stock number/acquisition Cen Lib/Ret
040 ## - CATALOGING SOURCE
Original cataloging agency DPL
Language of cataloging EN
082 ## - DEWEY DECIMAL CLASSIFICATION NUMBER
Classification number 808.4
Item number UNI
245 ## - TITLE STATEMENT
Title Unique quintessence of a compendium of essays :
Statement of responsibility, etc edited by S. Sen...[et al.].
Remainder of title strictly according to the latest syllabus /
260 ## - PUBLICATION, DISTRIBUTION, ETC. (IMPRINT)
Place of publication, distribution, etc New Delhi
Name of publisher, distributor, etc Unique publishers
Date of publication, distribution, etc 2001
270 ## - ADDRESS
City New Delhi
Address II-M/15, Lajpat Nagar
Postal code 110002
300 ## - PHYSICAL DESCRIPTION
Extent viii,571p.
Dimensions 21cm(Hb)
650 ## - SUBJECT ADDED ENTRY--TOPICAL TERM
Topical term or geographic name as entry element Essays--National issues
9 (RLIN) 24046
650 ## - SUBJECT ADDED ENTRY--TOPICAL TERM
Topical term or geographic name as entry element Essays--International issues
9 (RLIN) 24047
700 ## - ADDED ENTRY--PERSONAL NAME
Personal name Sen, S.
9 (RLIN) 24048
942 ## - ADDED ENTRY ELEMENTS (KOHA)
Source of classification or shelving scheme Dewey Decimal Classification
Koha item type English Books
Classification part 808.4
Call number suffix UNI
Holdings
Withdrawn status Lost status Damaged status Not for loan Home library Current library Date acquired Source of acquisition Cost, normal purchase price Total Checkouts Full call number Barcode Date last seen Copy number Cost, replacement price Price effective from Koha item type Public note Collection code
Written off       Central Library Central Library 03/07/2015 Cen Lib/Ret 140.00   808.4 UNI B-026686 03/07/2015 1 140.00 03/07/2015 English Books W/d List No. 3394/24:Dtd 05/04/21  
        Central Library Central Library 03/07/2015 Cen Lib/Ret 140.00   808.4 UNI B-026687 03/07/2015 2 140.00 03/07/2015 English Books    
      Not For Loan Central Library Central Library 31/07/2015 Cen Lib/Ret 140.00   808.4 UNI B-026688 31/07/2015 4 140.00 31/07/2015 English Books   Reference

© Delhi Public Library
Hit Counter
free hit counter